<?xml version="1.0" encoding="UTF-8"?>
<record
    xmlns:xsi="http://www.w3.org/2001/XMLSchema-instance"
    xsi:schemaLocation="http://www.loc.gov/MARC21/slim http://www.loc.gov/standards/marcxml/schema/MARC21slim.xsd"
    xmlns="http://www.loc.gov/MARC21/slim">

  <leader>01047nam a22002537a 4500</leader>
  <controlfield tag="003">NALT</controlfield>
  <controlfield tag="005">20220720074750.0</controlfield>
  <controlfield tag="008">170725b        th ||||| |||| 00| j tha d</controlfield>
  <datafield tag="040" ind1=" " ind2=" ">
    <subfield code="a">NALT</subfield>
  </datafield>
  <datafield tag="041" ind1="1" ind2=" ">
    <subfield code="a">tha</subfield>
    <subfield code="h">jpn</subfield>
  </datafield>
  <datafield tag="090" ind1=" " ind2=" ">
    <subfield code="a">SC</subfield>
    <subfield code="b">&#xE0B;912&#xE23; 2560</subfield>
  </datafield>
  <datafield tag="100" ind1="1" ind2=" ">
    <subfield code="9">10792</subfield>
    <subfield code="a">&#xE42;&#xE0B;&#xE40;&#xE14;&#xE19;, &#xE01;&#xE38;&#xE19;&#xE0B;&#xE31;&#xE07;</subfield>
  </datafield>
  <datafield tag="245" ind1="1" ind2="0">
    <subfield code="a"> &#xE40;&#xE23;&#xE37;&#xE48;&#xE2D;&#xE07;&#xE23;&#xE32;&#xE27;&#xE43;&#xE19;&#xE2A;&#xE35;&#xE41;&#xE25;&#xE30;&#xE40;&#xE23;&#xE37;&#xE48;&#xE2D;&#xE07;&#xE2D;&#xE37;&#xE48;&#xE19;&#xE46; = Tales in colour and other stories / </subfield>
    <subfield code="c">&#xE40;&#xE02;&#xE35;&#xE22;&#xE19; Kunzang Choden ; &#xE2A;&#xE14;&#xE43;&#xE2A; &#xE02;&#xE31;&#xE19;&#xE15;&#xE34;&#xE27;&#xE23;&#xE1E;&#xE07;&#xE28;&#xE4C; &#xE41;&#xE1B;&#xE25;.</subfield>
  </datafield>
  <datafield tag="246" ind1="3" ind2="1">
    <subfield code="a">Tales in colour and other stories.</subfield>
  </datafield>
  <datafield tag="250" ind1=" " ind2=" ">
    <subfield code="a">&#xE1E;&#xE34;&#xE21;&#xE1E;&#xE4C;&#xE04;&#xE23;&#xE31;&#xE49;&#xE07;&#xE17;&#xE35;&#xE48; 1</subfield>
  </datafield>
  <datafield tag="260" ind1=" " ind2=" ">
    <subfield code="a">&#xE01;&#xE23;&#xE38;&#xE07;&#xE40;&#xE17;&#xE1E;&#xE2F; :</subfield>
    <subfield code="b">&#xE2A;&#xE27;&#xE19;&#xE40;&#xE07;&#xE34;&#xE19;&#xE21;&#xE35;&#xE21;&#xE32;,</subfield>
    <subfield code="c">2560.</subfield>
  </datafield>
  <datafield tag="300" ind1=" " ind2=" ">
    <subfield code="a">193 &#xE2B;&#xE19;&#xE49;&#xE32; ;</subfield>
    <subfield code="c">19 &#xE0B;&#xE21;.</subfield>
  </datafield>
  <datafield tag="650" ind1=" " ind2="0">
    <subfield code="a">&#xE40;&#xE23;&#xE37;&#xE48;&#xE2D;&#xE07;&#xE2A;&#xE31;&#xE49;&#xE19;</subfield>
    <subfield code="9">460</subfield>
  </datafield>
  <datafield tag="700" ind1="1" ind2=" ">
    <subfield code="9">10794</subfield>
    <subfield code="a">Choden, Kunzang</subfield>
  </datafield>
  <datafield tag="700" ind1="0" ind2=" ">
    <subfield code="a">&#xE2A;&#xE14;&#xE43;&#xE2A; &#xE02;&#xE31;&#xE19;&#xE15;&#xE34;&#xE27;&#xE23;&#xE1E;&#xE07;&#xE28;&#xE4C;</subfield>
    <subfield code="9">13219</subfield>
  </datafield>
  <datafield tag="850" ind1=" " ind2=" ">
    <subfield code="a">NALT</subfield>
  </datafield>
  <datafield tag="942" ind1=" " ind2=" ">
    <subfield code="2">local</subfield>
    <subfield code="c">SHT</subfield>
  </datafield>
  <datafield tag="998" ind1=" " ind2=" ">
    <subfield code="a">phon</subfield>
    <subfield code="b">phon</subfield>
    <subfield code="c">phon</subfield>
    <subfield code="j"></subfield>
    <subfield code="k">CRON CRON</subfield>
  </datafield>
  <datafield tag="999" ind1=" " ind2=" ">
    <subfield code="c">93205</subfield>
    <subfield code="d">93205</subfield>
  </datafield>
  <datafield tag="952" ind1=" " ind2=" ">
    <subfield code="0">0</subfield>
    <subfield code="1">0</subfield>
    <subfield code="2">lcc</subfield>
    <subfield code="4">0</subfield>
    <subfield code="7">0</subfield>
    <subfield code="8">CFICSHT</subfield>
    <subfield code="a">NALT</subfield>
    <subfield code="b">NALT</subfield>
    <subfield code="d">2017-07-25</subfield>
    <subfield code="l">0</subfield>
    <subfield code="o">SC &#xE0B;912&#xE23; 2560</subfield>
    <subfield code="p">3961206683</subfield>
    <subfield code="r">2017-07-31 00:00:00</subfield>
    <subfield code="w">2017-07-25</subfield>
    <subfield code="y">SHT</subfield>
  </datafield>
</record>
